| 000 | 00941nam a2200193 4500 | ||
|---|---|---|---|
| 005 | 20250812091730.0 | ||
| 008 | 170323b xxu||||| |||| 00| 0 eng d | ||
| 082 |
_22012 _aAV-CD 364.16 _bSm64 |
||
| 100 |
_919511 _aSmith, Mike |
||
| 245 |
_aHackers [videorecording] : _boutlaws and angels/ _cproducer/director, Mike Smith ; produced by September Films for TLC |
||
| 260 |
_aPrinceton, N.J. : _bFilms for the Humanities and Sciences, _cc2004. |
||
| 300 |
_a1 videodisc : _bsd., col. ; _c4 3/4 in. |
||
| 306 | _a50 min. : | ||
| 520 | _a"This alarming program reveals the daily battle between the Internet's outlaws and the hackers who oppose them by warding off system attacks, training IT professionals and police officers, and watching cyberspace for signs of imminent infowar."--Container | ||
| 650 | 0 |
_919512 _aComputer crimes |
|
| 650 | 0 |
_919513 _aHackers |
|
| 650 | 0 |
_919514 _aComputer networks -- Security measures |
|
| 942 |
_2ddc _cAV-CD |
||
| 999 |
_c6442 _d6442 |
||